000 00961nas a2200325 4500
001 BR2012003042
003 BR-BrBNA
005 20231205120508.0
007 ta
008 230509b bl.|||p| |||| 00| 00por d
040 _aBR-BrBNA
_bpor
_cBiblioteca Nacional de Agricultura
041 _a(Pt)
072 _aF50
100 1 _aMello, M.C. de
100 1 _aFior, C.S.
100 1 _aOliveira, J.M.S. de
245 1 _aAnatomia do fruto de Schlechtendalia luzulifolia Less. (Barnadesioideae, Asteraceae Bercht. e J. Presl)
650 _aANATOMIA VEGETAL
650 _aCOMPOSITAE
650 _aEMBRIÃO VEGETAL
650 _aFRUTO
650 _aPERICARPO
650 _aCOMPOSITAE
650 _aEMBRIÃO VEGETAL
650 _aFRUTO
650 _aPERICARPO
773 0 _tIheringia. Série Botânica (Brazil)
_xISSN 0073-4705
_g(Jan-Jun 2009), v. 64(1) p. 77-80
_wBR2012003042
909 _a202311
_bLúcia
_c55
_dLúcia Elande
942 _2AGRIS
_n0
_cANA
999 _c218797
_d218797